New genealogies of the contemporary indian political moment
Saved in:
| Main Author: | |
|---|---|
| Format: | Review |
| Language: | English |
| Published: |
08 Feb 2026
|
| In: |
South Asia
Year: 2026, Volume: 49, Issue: 1, Pages: 268-279 |
| ISSN: | 1479-0270 |
| DOI: | 10.1080/00856401.2026.2598894 |
| Subjects: | |
| Online Access: | Verlag, lizenzpflichtig, Volltext: https://doi.org/10.1080/00856401.2026.2598894 |
| Author Notes: | Prateek Pankaj |
MARC
| LEADER | 00000naa a2200000 c 4500 | ||
|---|---|---|---|
| 001 | 1965645216 | ||
| 003 | DE-627 | ||
| 005 | 20260318105657.0 | ||
| 007 | cr uuu---uuuuu | ||
| 008 | 260318s2026 xx |||||oo 00| ||eng c | ||
| 024 | 7 | |a 10.1080/00856401.2026.2598894 |2 doi | |
| 035 | |a (DE-627)1965645216 | ||
| 035 | |a (DE-599)KXP1965645216 | ||
| 040 | |a DE-627 |b ger |c DE-627 |e rda | ||
| 041 | |a eng | ||
| 084 | |a 58 |2 sdnb | ||
| 100 | 1 | |a Pankaj, Prateek |e VerfasserIn |0 (DE-588)1393311520 |0 (DE-627)1965647049 |4 aut | |
| 245 | 1 | 0 | |a New genealogies of the contemporary indian political moment |c Prateek Pankaj |
| 264 | 1 | |c 08 Feb 2026 | |
| 300 | |a 12 | ||
| 336 | |a Text |b txt |2 rdacontent | ||
| 337 | |a Computermedien |b c |2 rdamedia | ||
| 338 | |a Online-Ressource |b cr |2 rdacarrier | ||
| 500 | |a Online veröffentlicht: 08. Februar 2026 | ||
| 500 | |a Gesehen am 18.03.2026 | ||
| 655 | 7 | |a Rezension |0 (DE-588)4049712-4 |0 (DE-627)106186019 |0 (DE-576)209083166 |2 gnd-content | |
| 773 | 0 | 8 | |i Enthalten in |t South Asia |d London [u.a.] : Routledge, Taylor & Francis Group, 1971 |g 49(2026), 1, Seite 268-279 |h Online-Ressource |w (DE-627)372547133 |w (DE-600)2124449-2 |w (DE-576)11371081X |x 1479-0270 |7 nnas |a New genealogies of the contemporary indian political moment |
| 773 | 1 | 8 | |g volume:49 |g year:2026 |g number:1 |g pages:268-279 |g extent:12 |a New genealogies of the contemporary indian political moment |
| 787 | 0 | 8 | |i Rezension von |a Balasubramanian, Aditya, 1990 - |t Toward a free economy |d Princeton : Princeton University Press, 2023 |h xxi, 323 Seiten |w (DE-627)1846203643 |z 9780691205243 |
| 787 | 0 | 8 | |i Rezension von |a Chaturvedi, Vinayak, 1968 - |t Hindutva and Vvolence |b First SUNY Press edition |d Albany : SUNY Press, 2022 |h 1 Online-Ressource (xiii, 463 Seiten) |w (DE-627)1815265345 |z 9781438488783 |
| 787 | 0 | 8 | |i Rezension von |a Roy, Srirupa, 1969 - |t The political outsider |d Stanford, California : Stanford University Press, 2024 |h ix, 362 Seiten |w (DE-627)1848657846 |z 9781503636460 |z 9781503637986 |
| 787 | 0 | 8 | |i Rezension von |a Sherman, Taylor C. |t Nehru's India |d Princeton : Princeton University Press, 2022 |h xviii, 284 Seiten |w (DE-627)1794324453 |z 9780691222585 |
| 856 | 4 | 0 | |u https://doi.org/10.1080/00856401.2026.2598894 |x Verlag |x Resolving-System |z lizenzpflichtig |3 Volltext |7 1 |
| 951 | |a AR | ||
| 992 | |a 20260318 | ||
| 993 | |a Review | ||
| 994 | |a 2026 | ||
| 998 | |g 1393311520 |a Pankaj, Prateek |m 1393311520:Pankaj, Prateek |d 70000 |e 70000PP1393311520 |k 0/70000/ |p 1 |x j |y j | ||
| 999 | |a KXP-PPN1965645216 |e 4937884417 | ||
| BIB | |a Y | ||
| SER | |a journal | ||
| JSO | |a {"origin":[{"dateIssuedDisp":"08 Feb 2026","dateIssuedKey":"2026"}],"id":{"eki":["1965645216"],"doi":["10.1080/00856401.2026.2598894"]},"title":[{"title_sort":"New genealogies of the contemporary indian political moment","title":"New genealogies of the contemporary indian political moment"}],"type":{"media":"Online-Ressource","bibl":"article-journal"},"physDesc":[{"extent":"12 S."}],"relHost":[{"title":[{"subtitle":"journal of South Asian studies","title_sort":"South Asia","title":"South Asia"}],"part":{"text":"49(2026), 1, Seite 268-279","pages":"268-279","year":"2026","issue":"1","extent":"12","volume":"49"},"id":{"eki":["372547133"],"zdb":["2124449-2"],"issn":["1479-0270"]},"origin":[{"dateIssuedDisp":"1971-","dateIssuedKey":"1971","publisher":"Routledge, Taylor & Francis Group ; Assoc. ; Carfax","publisherPlace":"London [u.a.] ; [Nedlands] ; London [u.a.]"}],"physDesc":[{"extent":"Online-Ressource"}],"type":{"bibl":"periodical","media":"Online-Ressource"},"name":{"displayForm":["South Asian Studies Association of Australia"]},"note":["Gesehen am 13.09.11"],"pubHistory":["1.1971 - 6.1976; [N.S.] 1.1978 -"],"recId":"372547133","corporate":[{"display":"South Asian Studies Association of Australia and New Zealand","role":"isb"}],"language":["eng"],"disp":"New genealogies of the contemporary indian political momentSouth Asia"}],"note":["Online veröffentlicht: 08. Februar 2026","Gesehen am 18.03.2026"],"name":{"displayForm":["Prateek Pankaj"]},"person":[{"display":"Pankaj, Prateek","role":"aut","family":"Pankaj","given":"Prateek"}],"language":["eng"],"recId":"1965645216"} | ||
| SRT | |a PANKAJPRATNEWGENEALO0820 | ||